[Event "Gibraltar Challengers B"]
[Site "Gibraltar"]
[Date "2020.01.29"]
[Round "5.15"]
[White "Karlsson, Jorgen"]
[Black "Paul, Nathanael"]
[Result "1-0"]
[WhiteElo "2054"]
[BlackElo "1987"]
[PlyCount "119"]
[EventDate "2020.01.25"]
[EventType "swiss"]
[EventRounds "5"]
[EventCountry "GGB"]
[SourceTitle "BritBase"]
[Source "John Saunders"]
[SourceDate "2021.06.05"]
[SourceVersion "1"]
[SourceVersionDate "2021.06.05"]
[SourceQuality "1"]

1. d4 d5 2. Nc3 Nf6 3. Bg5 Bf5 4. f3 Nbd7 5. g4 Bg6 6. Bf4 c5 7. e3 Qb6 8. Nb5
Rc8 9. a4 cxd4 10. a5 Qd8 11. exd4 a6 12. Nc3 e6 13. Ra4 Be7 14. Bd3 Bxd3 15.
Qxd3 O-O 16. Nge2 Nb8 17. Nd1 Nc6 18. Bd2 Qd7 19. Nf2 e5 20. g5 Ne8 21. b3 Nc7
22. Ng4 e4 23. Qe3 f6 24. g6 h5 25. Nh6+ Kh8 26. fxe4 dxe4 27. c4 Rcd8 28. Bc3
Bc5 29. Nf7+ Rxf7 30. gxf7 Ba7 31. Rf1 Qxf7 32. Rf5 Qg6 33. Qh3 Kg8 34. Rxh5
Kf7 35. d5 Nd4 36. Bxd4 Bxd4 37. Qg3 Qxg3+ 38. hxg3 Be5 39. g4 Ne8 40. Rh8 g6
41. Rb4 Rd7 42. Rb6 f5 43. Rxe8 Kxe8 44. Rxg6 f4 45. Rg8+ Kf7 46. Rg5 Bf6 47.
Rf5 f3 48. g5 Kg6 49. Rxf6+ Kxg5 50. Re6 fxe2 51. Rxe4 Rh7 52. Kxe2 Kf5 53. Re6
Rh2+ 54. Kd3 Kf4 55. Re7 Rh3+ 56. Kc2 Rh2+ 57. Kc3 Ra2 58. Kb4 b5 59. axb6 a5+
60. Kc3 1-0

[Event "Gibraltar Challengers B"]
[Site "Gibraltar"]
[Date "2020.01.29"]
[Round "5.16"]
[White "Herzwurm, Robert"]
[Black "George, Lolomari Erekosima"]
[Result "1-0"]
[WhiteElo "1979"]
[BlackElo "2053"]
[PlyCount "69"]
[EventDate "2020.01.25"]
[EventType "swiss"]
[EventRounds "5"]
[EventCountry "GGB"]
[SourceTitle "BritBase"]
[Source "John Saunders"]
[SourceDate "2021.06.05"]
[SourceVersion "1"]
[SourceVersionDate "2021.06.05"]
[SourceQuality "1"]

1. e4 c6 2. d4 d5 3. e5 Bf5 4. Nf3 e6 5. Be2 Nd7 6. O-O h6 7. Nbd2 Ne7 8. Nb3
Bh7 9. Bd2 Nc8 10. Rc1 Ncb6 11. Na5 Qb8 12. c3 Be7 13. Qb3 O-O 14. c4 c5 15.
Bc3 dxc4 16. Nxc4 Rc8 17. Ne3 Be4 18. Nd2 Bc6 19. Bc4 Ba4 20. Qa3 cxd4 21. Qxe7
dxe3 22. fxe3 Rf8 23. Rf4 Qd8 24. Qd6 Rc8 25. b3 Bc6 26. Rcf1 Qg5 27. Nf3 Bxf3
28. R1xf3 Nxc4 29. bxc4 Nb6 30. h4 Qd8 31. Bb4 Qxd6 32. Bxd6 Rxc4 33. Bxf8 Rxf4
34. exf4 Kxf8 35. Rb3 1-0

[Event "Gibraltar Challengers B"]
[Site "Gibraltar"]
[Date "2020.01.29"]
[Round "5.17"]
[White "Levay, Sorin"]
[Black "Gonzalvez Perales, Jose Luis"]
[Result "1-0"]
[WhiteElo "2192"]
[BlackElo "1992"]
[PlyCount "45"]
[EventDate "2020.01.25"]
[EventType "swiss"]
[EventRounds "5"]
[EventCountry "GGB"]
[SourceTitle "BritBase"]
[Source "John Saunders"]
[SourceDate "2021.06.05"]
[SourceVersion "1"]
[SourceVersionDate "2021.06.05"]
[SourceQuality "1"]

1. e4 c6 2. d4 d5 3. e5 c5 4. Nf3 cxd4 5. Nxd4 e6 6. c4 Nc6 7. Nc3 Bb4 8. Nxc6
Bxc3+ 9. bxc3 bxc6 10. Qg4 Qa5 11. Bd2 Kf8 12. Be2 Ba6 13. O-O Ne7 14. Rfd1 Qa4
15. Be3 Qa5 16. Rab1 Nf5 17. cxd5 Nxe3 18. fxe3 Bxe2 19. Qxe2 cxd5 20. Rb7 Qxc3
21. Qf3 f5 22. exf6 g6 23. Qf4 1-0

[Event "Gibraltar Challengers B"]
[Site "Gibraltar"]
[Date "2020.01.29"]
[Round "5.18"]
[White "Manukonda, Arun"]
[Black "Godoy Olazabal, Artur"]
[Result "1-0"]
[WhiteElo "1959"]
[BlackElo "2154"]
[PlyCount "57"]
[EventDate "2020.01.25"]
[EventType "swiss"]
[EventRounds "5"]
[EventCountry "GGB"]
[SourceTitle "BritBase"]
[Source "John Saunders"]
[SourceDate "2021.06.05"]
[SourceVersion "1"]
[SourceVersionDate "2021.06.05"]
[SourceQuality "1"]

1. d4 Nf6 2. c4 e5 3. dxe5 Ng4 4. Bf4 Nc6 5. Nf3 Bc5 6. e3 Qe7 7. Be2 Ngxe5 8.
O-O Nxf3+ 9. Bxf3 Ne5 10. Be2 d6 11. Nc3 Be6 12. Nd5 Bxd5 13. Qxd5 c6 14. Qe4
O-O 15. Qf5 Ng6 16. Bd3 Qe6 17. Bg3 Qxf5 18. Bxf5 Ne5 19. Rac1 g6 20. Bb1 f6
21. a3 a5 22. Rfd1 Ra6 23. Ba2 Rb6 24. Rc2 Kf7 25. Rxd6 Ke7 26. Rd1 Rd8 27.
Rxd8 Kxd8 28. Kf1 Ke7 29. Ke2 1-0

[Event "Gibraltar Challengers B"]
[Site "Gibraltar"]
[Date "2020.01.29"]
[Round "5.21"]
[White "Mao, Yingzhou"]
[Black "Omovie, Ejenavi"]
[Result "0-1"]
[WhiteElo "1948"]
[BlackElo "2089"]
[PlyCount "138"]
[EventDate "2020.01.25"]
[EventType "swiss"]
[EventRounds "5"]
[EventCountry "GGB"]
[SourceTitle "BritBase"]
[Source "John Saunders"]
[SourceDate "2021.06.05"]
[SourceVersion "1"]
[SourceVersionDate "2021.06.05"]
[SourceQuality "1"]

1. d4 d5 2. c4 e6 3. g3 Nf6 4. Bg2 Be7 5. Nf3 O-O 6. O-O Nbd7 7. Nbd2 c6 8. Qc2
b5 9. cxb5 cxb5 10. Qc6 Rb8 11. Nb3 Rb6 12. Qc2 Bb7 13. Bd2 Rc6 14. Qd3 b4 15.
Ne5 Nxe5 16. dxe5 Nd7 17. Qd4 a5 18. Qa7 Qa8 19. Qxa8 Rxa8 20. f4 a4 21. Nd4
Rc4 22. e3 Bc5 23. Rac1 Ba6 24. Rfd1 Bxd4 25. Rxc4 Bxe3+ 26. Bxe3 Bxc4 27. a3
bxa3 28. bxa3 Rb8 29. Bd2 Nc5 30. Bb4 Nd3 31. Bd6 Rb3 32. Ra1 h6 33. Bf3 Rb2
34. Rd1 Rc2 35. Rb1 Bb3 36. Bd1 Rc3 37. Be2 Nc1 38. Bb5 Rc2 39. Bb4 Na2 40. Bd3
Rc8 41. Bd2 Bc2 42. Rb2 Bxd3 43. Rxa2 Kh7 44. Kf2 Kg6 45. Ke3 Bc4 46. Rb2 Bb3
47. Rb1 Rc2 48. h3 Ra2 49. Bb4 Rh2 50. h4 Kf5 51. Kf3 h5 52. Rc1 Bc4 53. Be1 f6
54. exf6 gxf6 55. Bb4 e5 56. fxe5 fxe5 57. Bd6 d4 58. g4+ hxg4+ 59. Kg3 Rh3+
60. Kf2 Bd5 61. Rc5 Ke4 62. Be7 Rxa3 63. Ra5 g3+ 64. Kg2 Re3 65. h5 d3 66.
Rxa4+ Kf5+ 67. Kh3 d2 68. Ra1 g2+ 69. Kh2 Re1 0-1

[Event "Gibraltar Challengers B"]
[Site "Gibraltar"]
[Date "2020.01.29"]
[Round "5.22"]
[White "Perez Ruiz, Santiago"]
[Black "Stolniceanu, Victor-Dumitru"]
[Result "1-0"]
[WhiteElo "1953"]
[BlackElo "2074"]
[PlyCount "101"]
[EventDate "2020.01.25"]
[EventType "swiss"]
[EventRounds "5"]
[EventCountry "GGB"]
[SourceTitle "BritBase"]
[Source "John Saunders"]
[SourceDate "2021.06.05"]
[SourceVersion "1"]
[SourceVersionDate "2021.06.05"]
[SourceQuality "1"]

1. d4 d5 2. Nf3 Nc6 3. Bf4 Bg4 4. e3 a6 5. c4 e6 6. cxd5 exd5 7. Nc3 Nf6 8. Qb3
b5 9. Ne5 Na5 10. Qc2 Be6 11. Be2 Bd6 12. O-O O-O 13. Rac1 Rc8 14. a4 c6 15.
Nd3 Bf5 16. Bxd6 Qxd6 17. Qd1 Bxd3 18. Bxd3 Qb4 19. Rb1 Rfe8 20. h3 g6 21. Qe1
Kg7 22. Qd1 Re6 23. Bc2 Nc4 24. Na2 Qa5 25. b4 Qc7 26. a5 Rce8 27. Nc1 Qe7 28.
Rb3 Nh5 29. Re1 f5 30. Bxf5 Rf6 31. Bd3 Nf4 32. Bf1 Re6 33. Nd3 Nxe3 34. Rxe3
Rxe3 35. fxe3 Qxe3+ 36. Nf2 Qe1 37. Qxe1 Rxe1 38. Nd3 Nxd3 39. Rxd3 Rb1 40. Rc3
Rxb4 41. Rxc6 Rxd4 42. Rxa6 b4 43. Rb6 Rd1 44. Rxb4 Ra1 45. a6 Kf6 46. Kf2 Ke5
47. Bd3 Kd6 48. Rb7 h5 49. Rb6+ Kc5 50. Rxg6 Kd4 51. Be2 1-0

[Event "Gibraltar Challengers B"]
[Site "Gibraltar"]
[Date "2020.01.29"]
[Round "5.23"]
[White "Pakmor, Claus"]
[Black "Ungureanu, Sandu"]
[Result "0-1"]
[WhiteElo "1937"]
[BlackElo "2066"]
[PlyCount "46"]
[EventDate "2020.01.25"]
[EventType "swiss"]
[EventRounds "5"]
[EventCountry "GGB"]
[SourceTitle "BritBase"]
[Source "John Saunders"]
[SourceDate "2021.06.05"]
[SourceVersion "1"]
[SourceVersionDate "2021.06.05"]
[SourceQuality "1"]

1. e4 c6 2. d4 d5 3. e5 e6 4. f4 c5 5. c3 Nc6 6. Nf3 Qb6 7. Qb3 Qxb3 8. axb3
cxd4 9. cxd4 Bb4+ 10. Bd2 Nge7 11. Bd3 O-O 12. Na3 f6 13. Nc2 Bxd2+ 14. Kxd2
fxe5 15. fxe5 Bd7 16. b4 a6 17. b5 axb5 18. Bxb5 Nxe5 19. Be2 Nxf3+ 20. Bxf3
Nf5 21. Rxa8 Rxa8 22. g3 Rc8 23. b3 Rxc2+ 0-1

[Event "Gibraltar Challengers B"]
[Site "Gibraltar"]
[Date "2020.01.29"]
[Round "5.24"]
[White "Martinez Lopez, Jaume"]
[Black "Kunnavakkam, Sudarshanagopal Vin"]
[Result "0-1"]
[WhiteElo "2042"]
[BlackElo "1786"]
[PlyCount "86"]
[EventDate "2020.01.25"]
[EventType "swiss"]
[EventRounds "5"]
[EventCountry "GGB"]
[SourceTitle "BritBase"]
[Source "John Saunders"]
[SourceDate "2021.06.05"]
[SourceVersion "1"]
[SourceVersionDate "2021.06.05"]
[SourceQuality "1"]

1. d4 Nf6 2. Nf3 c5 3. d5 e6 4. Nc3 exd5 5. Nxd5 Nxd5 6. Qxd5 Nc6 7. Bf4 d6 8.
e4 Be6 9. Qd2 Be7 10. Ng5 Bxg5 11. Bxg5 Qb6 12. b3 f6 13. Qxd6 Nd4 14. Bf4 Qxd6
15. Bxd6 Rd8 16. O-O-O Rxd6 17. c3 Nxb3+ 18. axb3 Rxd1+ 19. Kxd1 Bxb3+ 20. Kc1
Ke7 21. Bd3 Rd8 22. Bc2 Bxc2 23. Kxc2 Rd6 24. Rb1 b6 25. Ra1 a5 26. f3 Kd7 27.
c4 Rd4 28. Kc3 Kc6 29. Re1 b5 30. cxb5+ Kxb5 31. e5 fxe5 32. Rxe5 Rd7 33. Re8
Rb7 34. f4 a4 35. g4 Ra7 36. Rb8+ Kc6 37. Kb2 a3+ 38. Ka2 Kd5 39. Rb3 c4 40.
Rxa3 Rxa3+ 41. Kxa3 Ke4 42. f5 Kd3 43. Kb2 Kd2 0-1

[Event "Gibraltar Challengers B"]
[Site "Gibraltar"]
[Date "2020.01.29"]
[Round "5.25"]
[White "Garcia Rodriguez, Inaki"]
[Black "Raghav, Srivathsav V"]
[Result "0-1"]
[WhiteElo "1944"]
[BlackElo "2023"]
[PlyCount "154"]
[EventDate "2020.01.25"]
[EventType "swiss"]
[EventRounds "5"]
[EventCountry "GGB"]
[SourceTitle "BritBase"]
[Source "John Saunders"]
[SourceDate "2021.06.05"]
[SourceVersion "1"]
[SourceVersionDate "2021.06.05"]
[SourceQuality "1"]

1. d4 g6 2. e4 Bg7 3. Be3 d6 4. f3 Nf6 5. Nc3 c6 6. Qd2 b5 7. a3 Nbd7 8. Nge2
Bb7 9. g4 h5 10. g5 Nh7 11. h4 a5 12. Bg2 b4 13. axb4 axb4 14. Rxa8 Qxa8 15.
Nd1 c5 16. O-O Qa5 17. f4 Ba6 18. Rf2 cxd4 19. Nxd4 Bb7 20. f5 O-O 21. fxg6
fxg6 22. Ne6 Rxf2 23. Qxf2 Qa1 24. Qf1 Ba6 25. Qe1 Bxb2 26. Bd2 Be5 27. Ne3
Qxe1+ 28. Bxe1 Nc5 29. Nc7 Bb7 30. Ncd5 e6 31. Nxb4 Bxe4 32. Bxe4 Nxe4 33. Kg2
d5 34. Nc6 Bd6 35. Kf3 Nc5 36. Bb4 Nb7 37. Bxd6 Nxd6 38. Kf4 Nf8 39. Ke5 Ne8
40. Nd8 Nc7 41. Kf6 d4 42. Ng2 Nd5+ 43. Ke5 Ne3 44. Nf4 Nxc2 45. Nc6 Kf7 46.
Nxd4 Nd7+ 47. Kd6 Nxd4 48. Kxd7 e5 49. Ng2 Nf5 50. Kc6 e4 51. Kd5 e3 52. Ke4 e2
53. Kd3 Nxh4 54. Ne1 Ke6 55. Kxe2 Kf5 56. Kf2 Kxg5 57. Kg3 Nf5+ 58. Kh3 Nd4 59.
Ng2 Ne2 60. Ne3 Kf4 61. Ng2+ Ke4 62. Kh4 Nf4 63. Ne1 Kf5 64. Nf3 Ne6 65. Ng1
Ng7 66. Nh3 Kf6 67. Ng1 g5+ 68. Kg3 Kf5 69. Ne2 Ne6 70. Nc3 h4+ 71. Kh2 g4 72.
Nd1 Kf4 73. Nc3 Kf3 74. Kh1 g3 75. Nb1 Kf2 76. Nd2 g2+ 77. Kh2 g1=Q+ 0-1

[Event "Gibraltar Challengers B"]
[Site "Gibraltar"]
[Date "2020.01.29"]
[Round "5.26"]
[White "Fischer, Robert"]
[Black "Hladik, Lumir"]
[Result "1-0"]
[WhiteElo "1923"]
[BlackElo "2018"]
[PlyCount "49"]
[EventDate "2020.01.25"]
[EventType "swiss"]
[EventRounds "5"]
[EventCountry "GGB"]
[SourceTitle "BritBase"]
[Source "John Saunders"]
[SourceDate "2021.06.05"]
[SourceVersion "1"]
[SourceVersionDate "2021.06.05"]
[SourceQuality "1"]

1. c4 Nf6 2. Nc3 g6 3. g3 Bg7 4. Bg2 O-O 5. Nf3 d6 6. O-O c5 7. d4 cxd4 8. Nxd4
a6 9. e3 Qc7 10. Nd5 Nxd5 11. cxd5 Nd7 12. Bd2 Nf6 13. Rc1 Qb8 14. Qb3 Bd7 15.
Qb6 Ne8 16. Rc3 Qa7 17. Rb3 Qxb6 18. Rxb6 Bc8 19. Rc1 e5 20. dxe6 Bxd4 21.
exf7+ Rxf7 22. exd4 Nc7 23. Rxd6 Be6 24. Rxc7 Rxc7 25. Rxe6 1-0

[Event "Gibraltar Challengers B"]
[Site "Gibraltar"]
[Date "2020.01.29"]
[Round "5.27"]
[White "Verhoef, Jaap"]
[Black "Hng, Mei-Xian Eunice"]
[Result "0-1"]
[WhiteElo "2015"]
[BlackElo "1661"]
[PlyCount "63"]
[EventDate "2020.01.25"]
[EventType "swiss"]
[EventRounds "5"]
[EventCountry "GGB"]
[SourceTitle "BritBase"]
[Source "John Saunders"]
[SourceDate "2021.06.05"]
[SourceVersion "1"]
[SourceVersionDate "2021.06.05"]
[SourceQuality "1"]

1. e4 c5 2. Nf3 e6 3. d4 cxd4 4. Nxd4 a6 5. Nc3 Qc7 6. Bd3 Nf6 7. O-O Bd6 8. f4
Bc5 9. Be3 Nc6 10. Nce2 d6 11. Kh1 O-O 12. e5 dxe5 13. Nxe6 Bxe6 14. Bxc5 Rfd8
15. f5 Bd5 16. Ng3 Bxg2+ 17. Kxg2 e4 18. Nxe4 Nxe4 19. f6 Rxd3 20. cxd3 Nxc5
21. Qg4 Ne6 22. Rae1 Ncd4 23. Re4 g6 24. Rxd4 Nxd4 25. Qxd4 Re8 26. Rf2 Qc6+
27. Kg3 Qc1 28. Qf4 Qg1+ 29. Kh3 h5 30. Qg3 Re3 31. Rf3 Rxf3 32. Qxf3 0-1

[Event "Gibraltar Challengers B"]
[Site "Gibraltar"]
[Date "2020.01.29"]
[Round "5.28"]
[White "Kukic, Boris"]
[Black "Niharika, Ch"]
[Result "0-1"]
[WhiteElo "2056"]
[BlackElo "1865"]
[PlyCount "134"]
[EventDate "2020.01.25"]
[EventType "swiss"]
[EventRounds "5"]
[EventCountry "GGB"]
[SourceTitle "BritBase"]
[Source "John Saunders"]
[SourceDate "2021.06.05"]
[SourceVersion "1"]
[SourceVersionDate "2021.06.05"]
[SourceQuality "1"]

1. e4 c5 2. c3 Nf6 3. e5 Nd5 4. d4 e6 5. Nf3 Nc6 6. a3 cxd4 7. cxd4 d6 8. exd6
Bxd6 9. Bd3 Nf4 10. O-O Nxd3 11. Qxd3 Be7 12. Nc3 O-O 13. Bf4 a6 14. h3 b5 15.
Rad1 b4 16. axb4 Nxb4 17. Qb1 Bb7 18. Ne4 h6 19. Rfe1 Nd5 20. Bc1 Rc8 21. Ne5
Nf6 22. f3 Qb6 23. Nxf6+ Bxf6 24. Nd7 Bxd4+ 25. Kh1 Qb4 26. Nxf8 Rxf8 27. Qd3
Bf6 28. Bd2 Qh4 29. Bc3 Rd8 30. Bxf6 Qxe1+ 31. Rxe1 Rxd3 32. Bc3 g5 33. Kg1 Kh7
34. Kf2 Bc6 35. Re5 Kg6 36. Rc5 Bb5 37. Rc8 h5 38. Rg8+ Kf5 39. Rf8 Rd7 40. g3
g4 41. fxg4+ hxg4 42. h4 e5 43. Rg8 f6 44. Rf8 Rd3 45. Rg8 Rf3+ 46. Kg2 Bc6 47.
Be1 Rb3+ 48. Kg1 Rxb2 49. Rd8 Re2 50. Bf2 Ra2 51. Be1 a5 52. Bd2 a4 53. h5 Ra1+
54. Kf2 Rh1 55. h6 Be4 56. Rd7 Ke6 57. Ra7 Bc2 58. Kg2 Rd1 59. Be3 Rd7 60. Ra6+
Kf5 61. Bc5 Rf7 62. Be3 Ke4 63. Kf2 f5 64. Bg5 f4 65. Bf6 Rd7 66. Ra5 Rd2+ 67.
Ke1 Rd3 0-1

[Event "Gibraltar Challengers B"]
[Site "Gibraltar"]
[Date "2020.01.29"]
[Round "5.29"]
[White "Boardman, Jeffrey"]
[Black "Lung, Liviu-Catalin"]
[Result "1/2-1/2"]
[WhiteElo "1972"]
[BlackElo "2041"]
[PlyCount "104"]
[EventDate "2020.01.25"]
[EventType "swiss"]
[EventRounds "5"]
[EventCountry "GGB"]
[SourceTitle "BritBase"]
[Source "John Saunders"]
[SourceDate "2021.06.05"]
[SourceVersion "1"]
[SourceVersionDate "2021.06.05"]
[SourceQuality "1"]

1. e4 c5 2. Nf3 Nc6 3. d4 cxd4 4. Nxd4 e5 5. Nb5 a6 6. Nd6+ Bxd6 7. Qxd6 Qf6 8.
Qd2 Qg6 9. Nc3 Nf6 10. Qd6 b5 11. a3 Ng8 12. Qxg6 hxg6 13. Nd5 Rb8 14. Be3 d6
15. O-O-O Be6 16. Nc7+ Ke7 17. Nxa6 Rb7 18. Bd3 f5 19. f4 Nf6 20. fxe5 Nxe5 21.
exf5 gxf5 22. Nb4 Nfg4 23. Bg1 g5 24. h3 f4 25. Bd4 Nxd3+ 26. Rxd3 Ne5 27. Bxe5
dxe5 28. Nc6+ Kf6 29. Re1 Re8 30. Nxe5 Bc4 31. Ng4+ Kf7 32. Nh6+ Kf8 33. Rxe8+
Kxe8 34. Rd1 Rd7 35. Re1+ Re7 36. Rxe7+ Kxe7 37. Nf5+ Kf6 38. Nd4 Bf1 39. Kd2
Bxg2 40. Nxb5 Bxh3 41. Ke2 Ke5 42. Nc3 g4 43. Kf2 g3+ 44. Kf3 Kf5 45. Nd5 Bg4+
46. Kg2 Ke5 47. Nc3 Kd4 48. a4 Bf5 49. Ne2+ Ke3 50. Nxg3 fxg3 51. Kxg3 Bxc2 52.
a5 Bd3 1/2-1/2

[Event "Gibraltar Challengers B"]
[Site "Gibraltar"]
[Date "2020.01.29"]
[Round "5.30"]
[White "Ashwani, Kumar Grover"]
[Black "Skutta, Bernd"]
[Result "0-1"]
[WhiteElo "1731"]
[BlackElo "1998"]
[PlyCount "52"]
[EventDate "2020.01.25"]
[EventType "swiss"]
[EventRounds "5"]
[EventCountry "GGB"]
[SourceTitle "BritBase"]
[Source "John Saunders"]
[SourceDate "2021.06.05"]
[SourceVersion "1"]
[SourceVersionDate "2021.06.05"]
[SourceQuality "1"]

1. e4 g6 2. Nc3 Bg7 3. f4 c6 4. Nf3 d5 5. Bd3 dxe4 6. Nxe4 Nd7 7. Qe2 Ndf6 8.
Nf2 Nd5 9. g3 Ngf6 10. c3 O-O 11. Bc2 Ng4 12. Nxg4 Bxg4 13. h3 Bxf3 14. Qxf3 e5
15. f5 Qb6 16. d3 gxf5 17. d4 exd4 18. Qxf5 Rfe8+ 19. Kd1 Ne3+ 20. Bxe3 dxe3
21. Qxh7+ Kf8 22. Ke2 Rad8 23. Rhf1 Rd2+ 24. Ke1 Rf2 25. Rxf2 exf2+ 26. Kf1 Qe3
0-1

[Event "Gibraltar Challengers B"]
[Site "Gibraltar"]
[Date "2020.01.29"]
[Round "5.31"]
[White "Filipovich, David"]
[Black "Kaplan, Amiram"]
[Result "1-0"]
[WhiteElo "1995"]
[BlackElo "1880"]
[PlyCount "63"]
[EventDate "2020.01.25"]
[EventType "swiss"]
[EventRounds "5"]
[EventCountry "GGB"]
[SourceTitle "BritBase"]
[Source "John Saunders"]
[SourceDate "2021.06.05"]
[SourceVersion "1"]
[SourceVersionDate "2021.06.05"]
[SourceQuality "1"]

1. Nf3 c5 2. g3 Nf6 3. Bg2 Nc6 4. O-O e5 5. c4 d6 6. Nc3 Be7 7. b3 O-O 8. Bb2
Bg4 9. h3 Be6 10. e3 Qd7 11. Ng5 h6 12. Nxe6 fxe6 13. f4 exf4 14. gxf4 d5 15.
f5 dxc4 16. fxe6 Qxe6 17. bxc4 Kh8 18. Nd5 Rac8 19. Qe1 b6 20. Qg3 Bd6 21. Qh4
Be5 22. d4 cxd4 23. exd4 Bb8 24. Nxf6 Rxf6 25. d5 Rxf1+ 26. Rxf1 Qd6 27. Rf7
Qh2+ 28. Kf1 Ne5 29. Rf2 Kg8 30. Be4 Rf8 31. Rxf8+ Kxf8 32. Ba3+ 1-0

[Event "Gibraltar Challengers B"]
[Site "Gibraltar"]
[Date "2020.01.29"]
[Round "5.32"]
[White "Cannon, Richard J"]
[Black "Patola, Eero"]
[Result "1-0"]
[WhiteElo "1990"]
[BlackElo "1831"]
[PlyCount "49"]
[EventDate "2020.01.25"]
[EventType "swiss"]
[EventRounds "5"]
[EventCountry "GGB"]
[SourceTitle "BritBase"]
[Source "John Saunders"]
[SourceDate "2021.06.05"]
[SourceVersion "1"]
[SourceVersionDate "2021.06.05"]
[SourceQuality "1"]

1. e4 c5 2. Nc3 e6 3. Nge2 d5 4. exd5 exd5 5. d4 c4 6. Nf4 Nf6 7. Be2 Nc6 8.
O-O Bb4 9. Nb1 O-O 10. b3 b5 11. a4 bxa4 12. bxc4 dxc4 13. c3 Ba5 14. Bf3 Bd7
15. Qxa4 Nxd4 16. Qxa5 Nxf3+ 17. gxf3 Qb8 18. Be3 Bc6 19. Nd2 Re8 20. Rfb1 Qc8
21. Bd4 Ng4 22. Qg5 f6 23. Qxg4 Bd7 24. Qg3 Qc6 25. Nh5 1-0

[Event "Gibraltar Challengers B"]
[Site "Gibraltar"]
[Date "2020.01.29"]
[Round "5.34"]
[White "Wang, Cong"]
[Black "Garcia-Blazquez Perez, Manuel"]
[Result "1-0"]
[WhiteElo "1975"]
[BlackElo "1825"]
[PlyCount "93"]
[EventDate "2020.01.25"]
[EventType "swiss"]
[EventRounds "5"]
[EventCountry "GGB"]
[SourceTitle "BritBase"]
[Source "John Saunders"]
[SourceDate "2021.06.05"]
[SourceVersion "1"]
[SourceVersionDate "2021.06.05"]
[SourceQuality "1"]

1. e4 c5 2. c3 d5 3. exd5 Qxd5 4. d4 cxd4 5. cxd4 e5 6. dxe5 Qxd1+ 7. Kxd1 Nc6
8. Bb5 Bg4+ 9. Ke1 O-O-O 10. Nc3 Nd4 11. Ba4 b5 12. Bb3 a5 13. Be3 Bb4 14. Bxd4
Rxd4 15. f3 a4 16. Nge2 Rd7 17. Bc2 Be6 18. a3 Ba5 19. Rd1 Rc7 20. Rd6 b4 21.
axb4 Bxb4 22. Rb6 Bc5 23. Ra6 a3 24. bxa3 Kb7 25. Ra4 Ne7 26. Nb5 Bf2+ 27. Kxf2
Rxc2 28. Nbd4 Rb2 29. Nxe6 fxe6 30. Rb4+ Rxb4 31. axb4 Nc6 32. f4 Rf8 33. Ke3
g5 34. Ke4 Kb6 35. Rd1 gxf4 36. Rd6 Kc7 37. Rxe6 Nxb4 38. Nxf4 Kd7 39. Rh6 Na2
40. Rxh7+ Kc6 41. e6 Nc3+ 42. Ke5 Nb5 43. e7 Re8 44. Nd5 Nc7 45. Nxc7 Kxc7 46.
Ke6 Kc8 47. Rf7 1-0

[Event "Gibraltar Challengers B"]
[Site "Gibraltar"]
[Date "2020.01.29"]
[Round "5.35"]
[White "Fabregas, Oliver"]
[Black "Olufemi, George"]
[Result "1-0"]
[WhiteElo "1951"]
[BlackElo "1803"]
[PlyCount "79"]
[EventDate "2020.01.25"]
[EventType "swiss"]
[EventRounds "5"]
[EventCountry "GGB"]
[SourceTitle "BritBase"]
[Source "John Saunders"]
[SourceDate "2021.06.05"]
[SourceVersion "1"]
[SourceVersionDate "2021.06.05"]
[SourceQuality "1"]

1. Nf3 g6 2. g3 Bg7 3. d4 c5 4. Bg2 cxd4 5. Nxd4 Nc6 6. Nb3 Nf6 7. c4 d6 8. Nc3
O-O 9. O-O Be6 10. Nd5 Nd7 11. Rb1 Rc8 12. f4 Nb6 13. Nd2 Nd4 14. e3 Nf5 15.
Qe2 h5 16. Be4 Nd7 17. b3 Nc5 18. Bf3 Bd7 19. Bb2 e5 20. Rfd1 Qe8 21. Re1 Bc6
22. Ba3 e4 23. Bg2 Bxd5 24. cxd5 Qe7 25. Bxc5 dxc5 26. Kh1 Nd6 27. Rbc1 b6 28.
Rc2 Rfe8 29. Rec1 Qb7 30. Rd1 Qd7 31. Qa6 Rc7 32. a4 Qg4 33. Qf1 h4 34. Bh3 Qh5
35. g4 Qh8 36. Rdc1 Bb2 37. Rb1 Bc3 38. Nc4 Rd8 39. Rbc1 Bb2 40. Nxb2 1-0

[Event "Gibraltar Challengers B"]
[Site "Gibraltar"]
[Date "2020.01.29"]
[Round "5.37"]
[White "Gonzalvez Tamarit, Ivan"]
[Black "Lee, Alexandre Km"]
[Result "1-0"]
[WhiteElo "1918"]
[BlackElo "1557"]
[PlyCount "75"]
[EventDate "2020.01.25"]
[EventType "swiss"]
[EventRounds "5"]
[EventCountry "GGB"]
[SourceTitle "BritBase"]
[Source "John Saunders"]
[SourceDate "2021.06.05"]
[SourceVersion "1"]
[SourceVersionDate "2021.06.05"]
[SourceQuality "1"]

1. d4 Nf6 2. Nf3 g6 3. c4 Bg7 4. g3 O-O 5. Bg2 d6 6. O-O c6 7. Nc3 Qa5 8. e4
Qh5 9. Qd3 Bh3 10. Ne2 Bxg2 11. Kxg2 Qa5 12. h3 Nfd7 13. Bd2 Qc7 14. Bc3 e5 15.
b4 b6 16. Rfd1 c5 17. dxc5 dxc5 18. Qd5 Nf6 19. Qxe5 Qxe5 20. Bxe5 Nxe4 21.
Bxg7 Kxg7 22. b5 Nf6 23. Rd3 Re8 24. Nf4 Nbd7 25. a4 a5 26. Rad1 h6 27. Rxd7
Nxd7 28. Rxd7 Rad8 29. Ne6+ Rxe6 30. Rxd8 Kf6 31. Rc8 Ke7 32. Rc7+ Ke8 33. Rc6
Kd7 34. Rxe6 Kxe6 35. Nd2 Ke5 36. Nb3 Kd6 37. Kf3 f6 38. g4 1-0

[Event "Gibraltar Challengers B"]
[Site "Gibraltar"]
[Date "2020.01.29"]
[Round "5.42"]
[White "Erdogan, Hassan"]
[Black "Johnsen, Sylvia"]
[Result "1/2-1/2"]
[WhiteElo "1830"]
[BlackElo "1902"]
[PlyCount "70"]
[EventDate "2020.01.25"]
[EventType "swiss"]
[EventRounds "5"]
[EventCountry "GGB"]
[SourceTitle "BritBase"]
[Source "John Saunders"]
[SourceDate "2021.06.05"]
[SourceVersion "1"]
[SourceVersionDate "2021.06.05"]
[SourceQuality "1"]

1. d4 d5 2. Bf4 Nf6 3. e3 Bf5 4. Bd3 Bg6 5. h3 e6 6. Nf3 Bd6 7. Ne5 O-O 8. O-O
Nc6 9. c3 Nd7 10. Nxg6 fxg6 11. Bxd6 cxd6 12. Nd2 Kh8 13. e4 Nf6 14. Qe2 e5 15.
dxe5 Nxe5 16. Bc2 Qb6 17. Nb3 Rae8 18. exd5 Nxd5 19. Qd2 Nf4 20. Nd4 Qxb2 21.
Rab1 Qxa2 22. g3 Ne6 23. f4 Nc4 24. Qc1 Nxd4 25. cxd4 Ne3 26. Rf2 Qd5 27. Ba4
Re4 28. Qc7 Qxd4 29. Rxb7 Qa1+ 30. Kh2 Rxa4 31. Rfb2 Nf1+ 32. Kg2 Ne3+ 33. Kh2
Nf1+ 34. Kg2 Ne3+ 35. Kh2 Nf1+ 1/2-1/2